The Land of Little Rain (Record no. 229716)
[ view plain ]
| 000 -LEADER | |
|---|---|
| fixed length control field | 01208cam a22002893a 4500 |
| 001 - CONTROL NUMBER | |
| control field | 365 |
| 003 - CONTROL NUMBER IDENTIFIER | |
| control field | PGUSA |
| 005 - DATE AND TIME OF LATEST TRANSACTION | |
| control field | 20140828082947.0 |
| 008 - FIXED-LENGTH DATA ELEMENTS--GENERAL INFORMATION | |
| fixed length control field | 080709s2008||||xxu|||||s|||||000 | eng d |
| 040 ## - CATALOGING SOURCE | |
| Original cataloging agency | PGUSA |
| Language of cataloging | eng |
| 042 ## - AUTHENTICATION CODE | |
| Authentication code | dc |
| 050 #4 - LIBRARY OF CONGRESS CALL NUMBER | |
| Classification number | F850.5 |
| 100 1# - MAIN ENTRY--PERSONAL NAME | |
| Personal name | Austin, Mary Hunter, |
| Dates associated with a name | 1868-1934 |
| 245 14 - TITLE STATEMENT | |
| Title | The Land of Little Rain |
| Medium | [electronic resource] / |
| Statement of responsibility, etc | Mary Hunter Austin |
| 260 ## - PUBLICATION, DISTRIBUTION, ETC. (IMPRINT) | |
| Name of publisher, distributor, etc | Project Gutenberg, |
| Date of publication, distribution, etc | 2008 |
| 505 0# - FORMATTED CONTENTS NOTE | |
| Formatted contents note | The land of little rain -- Water trails of the Carrizo -- The scavengers -- The pocket hunter -- Shoshone land -- Jimville, a Bret Harte town. -- My neighbor's field -- The Mesa trail -- The basket maker -- The streets of the mountains -- Water borders -- Other water borders -- Nurslings of the sky -- The little town of the grape vines |
| 506 ## - RESTRICTIONS ON ACCESS NOTE | |
| Terms governing access | Public domain in the USA. |
| 516 ## - TYPE OF COMPUTER FILE OR DATA NOTE | |
| Type of computer file or data note | Electronic text |
| 653 ## - INDEX TERM--UNCONTROLLED | |
| Uncontrolled term | California -- Social life and customs |
| 653 ## - INDEX TERM--UNCONTROLLED | |
| Uncontrolled term | Frontier and pioneer life -- California |
| 653 ## - INDEX TERM--UNCONTROLLED | |
| Uncontrolled term | Natural history -- California |
| 653 ## - INDEX TERM--UNCONTROLLED | |
| Uncontrolled term | California -- History, Local |
| 653 ## - INDEX TERM--UNCONTROLLED | |
| Uncontrolled term | California -- Description and travel |
| 830 #0 - SERIES ADDED ENTRY--UNIFORM TITLE | |
| Uniform title | Project Gutenberg |
| Volume number/sequential designation | 365 |
| 856 40 - ELECTRONIC LOCATION AND ACCESS | |
| Uniform Resource Identifier | <a href="http://www.gutenberg.org/ebooks/365">http://www.gutenberg.org/ebooks/365</a> |
| 942 ## - ADDED ENTRY ELEMENTS (KOHA) | |
| Koha item type | eBooks |
| Withdrawn status | Lost status | Damaged status | Home library | Current library | Date acquired | Total Checkouts | Date last seen | Price effective from | Koha item type |
|---|---|---|---|---|---|---|---|---|---|
| Project Gutenberg | Project Gutenberg | 08/28/2014 | 08/28/2014 | 08/28/2014 | eBooks |